| Record ID | ia:historicalsketch00king |
| Source | Internet Archive |
| Download MARC XML | https://archive.org/download/historicalsketch00king/historicalsketch00king_marc.xml |
| Download MARC binary | https://www.archive.org/download/historicalsketch00king/historicalsketch00king_meta.mrc |
LEADER: 00576cam 2200205I 4500
001 1161820
005 20020817094600.0
008 940708s1925 xx 000 0 eng d
035 $aocm01746353
035 $aocm01746353
040 $aJPL$cJPL$dBRL
049 $aBRLL
082 $a929.2$bC
090 $aCS71$b.C7 1925
100 1 $aKingsbury, Anne C.,$ecomp.
245 12 $aA historical sketch of William Collier,$ccomp. by Anna C. Kingsbury for William Emery Nickerson.
260 $a[n.p.]$bPrivately printed,$c1925.
300 $a22 p.
600 30 $aCollier family.
962 $aADE-7857